[Event "II Liga SSCS 2015 - Istok"]
[Site "VRNJAÈKA BANJA - Hotel "]
[Date "2015.08.28"]
[Round "1.4"]
[White "RADOSAVLJEVIC, Slobodan D"]
[Black "GOVEDARICA, Radovan"]
[Result "1/2-1/2"]
[WhiteElo "2174"]
[BlackElo "2369"]
[PlyCount "59"]
[EventDate "2015.08.28"]

1. Nf3 d5 2. g3 Nf6 3. Bg2 c6 4. d3 Bf5 5. O-O e6 6. Nc3 h6 7. Nd4 Bg6 8. e4
dxe4 9. dxe4 e5 10. Nf5 Bxf5 11. Qxd8+ Kxd8 12. exf5 Kc7 13. h3 Nbd7 14. a3 a5
15. Be3 a4 16. f4 Bd6 17. Rad1 Rhe8 18. g4 exf4 19. Bxf4 Bxf4 20. Rxf4 b5 21.
Na2 Rad8 22. c4 bxc4 23. Rxc4 Ne5 24. Rcd4 Rxd4 25. Rxd4 Rb8 26. Nb4 Rb6 27.
Rd2 c5 28. Rc2 Kd6 29. Rd2+ Kc7 30. Rc2 1/2-1/2

[Event "II Liga SSCS 2015 - Istok"]
[Site "VRNJAÈKA BANJA - Hotel "]
[Date "2015.08.28"]
[Round "1.4"]
[White "DJOKIC, Nebojsa"]
[Black "MILOSEVIC, Aleksandar"]
[Result "1-0"]
[WhiteElo "2204"]
[BlackElo "2284"]
[PlyCount "55"]
[EventDate "2015.08.28"]

1. e4 c5 2. Nf3 d6 3. d4 cxd4 4. Nxd4 a6 5. Be3 Nf6 6. Nc3 e6 7. g4 b5 8. g5
Nfd7 9. a3 Bb7 10. h4 Nb6 11. h5 N8d7 12. g6 hxg6 13. hxg6 Rxh1 14. gxf7+ Kxf7
15. Qf3+ Qf6 16. Qxh1 Nc4 17. Bxc4 bxc4 18. O-O-O g6 19. Nf3 Ne5 20. Ng5+ Ke8
21. Qh3 Bc8 22. f4 Nf7 23. Nh7 Qh8 24. e5 Bg7 25. Qg2 Rb8 26. Qxg6 d5 27. Ng5
Rb7 28. Nxe6 1-0

[Event "II Liga SSCS 2015 - Istok"]
[Site "VRNJAÈKA BANJA - Hotel "]
[Date "2015.08.28"]
[Round "1.4"]
[White "POPOVIC, Djordje D"]
[Black "JOVANOVIC, Aleksandar D"]
[Result "1-0"]
[WhiteElo "2244"]
[BlackElo "2195"]
[PlyCount "85"]
[EventDate "2015.08.28"]

1. d4 f5 2. g3 g6 3. Bg2 Bg7 4. Nf3 Nf6 5. O-O O-O 6. c4 d6 7. Nc3 Nc6 8. d5
Na5 9. Qd3 e5 10. dxe6 Bxe6 11. b3 Ne4 12. Nxe4 fxe4 13. Qxe4 Qd7 14. Nd4 Rae8
15. Nxe6 Rxe6 16. Qd5 Rf5 17. Qd3 Bxa1 18. Bd2 Bg7 19. e4 Rh5 20. g4 Rh4 21.
Qg3 g5 22. Bxg5 Rhh6 23. Bxh6 Rxh6 24. g5 Rg6 25. h4 Qe7 26. f4 Bd4+ 27. Kh1
Kh8 28. Rd1 c5 29. e5 Nc6 30. Qh3 Rg7 31. e6 h6 32. Be4 Kg8 33. gxh6 Rh7 34.
Qg4+ Kh8 35. Qg5 Qxe6 36. Rxd4 Re7 37. Rd2 Qxe4+ 38. Rg2 Qe6 39. f5 Qf7 40. f6
Re1+ 41. Kh2 Ne5 42. Qg7+ Qxg7 43. fxg7+ 1-0

[Event "II Liga SSCS 2015 - Istok"]
[Site "VRNJAÈKA BANJA - Hotel "]
[Date "2015.08.28"]
[Round "1.4"]
[White "ILIC, Aleksandar"]
[Black "STEFANOVIC, Vladimir"]
[Result "1/2-1/2"]
[WhiteElo "2147"]
[BlackElo "2217"]
[PlyCount "66"]
[EventDate "2015.08.28"]

1. e4 c5 2. Nf3 Nc6 3. d4 cxd4 4. Nxd4 g6 5. Nc3 Bg7 6. Be3 Nf6 7. Bc4 Qa5 8.
O-O O-O 9. Nb3 Qc7 10. Be2 b6 11. Bg5 Na5 12. Nxa5 bxa5 13. Bxf6 Bxf6 14. Nd5
Qe5 15. Nxf6+ Qxf6 16. b3 Bb7 17. Bf3 Bc6 18. Re1 Qe5 19. a4 Rab8 20. Qd3 Rfc8
21. Rad1 Rb4 22. Rd2 d6 23. Qe3 Rc7 24. c4 Rcb7 25. Bd1 R4b6 26. Kh1 Rd7 27. f4
Qc5 28. Qg3 e6 29. Qc3 d5 30. exd5 Rxd5 31. Rxd5 Bxd5 32. Qe5 f6 33. Qxf6 Qf2
1/2-1/2

[Event "II Liga SSCS 2015 - Istok"]
[Site "VRNJAÈKA BANJA - Hotel "]
[Date "2015.08.28"]
[Round "1.4"]
[White "IVIC, Matija  **"]
[Black "DJUKIC, Slobodan D"]
[Result "1/2-1/2"]
[WhiteElo "2172"]
[BlackElo "2127"]
[PlyCount "50"]
[EventDate "2015.08.28"]

1. d4 Nf6 2. c4 e6 3. g3 d5 4. Nf3 c6 5. Qc2 Be7 6. Bg2 O-O 7. O-O Nbd7 8. Nbd2
Re8 9. e4 Nf8 10. e5 N6d7 11. Rd1 f6 12. exf6 Bxf6 13. Nf1 Qe7 14. Ne3 Qf7 15.
Ng4 Qg6 16. Nxf6+ gxf6 17. Qc3 dxc4 18. Qxc4 Nb6 19. Qe2 Nd5 20. Nh4 Qf7 21.
Be4 Bd7 22. f4 Ng6 23. Nf3 Qg7 24. Kh1 Rad8 25. Be3 Bc8 1/2-1/2

[Event "II Liga SSCS 2015 - Istok"]
[Site "VRNJAÈKA BANJA - Hotel "]
[Date "2015.08.28"]
[Round "1.4"]
[White "MADJAR, Stanislav"]
[Black "PETROVIC, Petar R  **"]
[Result "1-0"]
[WhiteElo "2166"]
[BlackElo "1968"]
[PlyCount "89"]
[EventDate "2015.08.28"]

1. c4 e5 2. g3 Nc6 3. Bg2 g6 4. Nc3 Bg7 5. d3 Nge7 6. e4 d6 7. Nge2 O-O 8. O-O
f5 9. f4 fxe4 10. dxe4 Be6 11. Nd5 Qd7 12. Be3 Bg4 13. Qd2 exf4 14. gxf4 Rac8
15. Rf2 Bh3 16. Bf3 Rf7 17. Rc1 Nxd5 18. cxd5 Ne7 19. b3 c5 20. dxc6 Nxc6 21.
Rd1 Rd8 22. b4 Qe6 23. b5 Ne7 24. Bxa7 Nc8 25. Be3 Bg4 26. Bh1 Qc4 27. Rb1 Rc7
28. Rc1 Qf7 29. Rxc7 Qxc7 30. Bg2 Qc4 31. Nd4 Ne7 32. Bf1 Qc8 33. a4 Qd7 34. a5
d5 35. e5 Nf5 36. Nxf5 Bxf5 37. Bd4 Be4 38. a6 bxa6 39. bxa6 Ra8 40. a7 Rxa7
41. Bxa7 Qxa7 42. Bg2 Bf8 43. Bxe4 dxe4 44. Qd5+ Kg7 45. Kg2 1-0

[Event "II Liga SSCS 2015 - Istok"]
[Site "VRNJAÈKA BANJA - Hotel "]
[Date "2015.08.28"]
[Round "1.4"]
[White "IVANOVIC, Zoran M"]
[Black "PETROVIC, Tijana  **"]
[Result "1-0"]
[WhiteElo "2100"]
[BlackElo "1769"]
[PlyCount "79"]
[EventDate "2015.08.28"]

1. e4 c5 2. Nf3 d6 3. d4 cxd4 4. Nxd4 Nf6 5. Nc3 a6 6. a4 Nc6 7. Bc4 e6 8. Be3
Be7 9. O-O O-O 10. h3 Qc7 11. Ba2 Ne5 12. Qe2 Bd7 13. f4 Nc6 14. f5 Nxd4 15.
Bxd4 e5 16. Bf2 Bc6 17. a5 Qd7 18. Rfd1 Bd8 19. Bb3 Bc7 20. Nd5 Qd8 21. Bh4
Bxd5 22. Bxd5 Bxa5 23. Kh2 Ra7 24. c3 Bb6 25. Rd3 Qe7 26. Rad1 Bc7 27. Rg3 Kh8
28. Rf3 Bd8 29. g4 Nxg4+ 30. hxg4 Qxh4+ 31. Rh3 Qg5 32. Rf1 b5 33. Rh5 Qe7 34.
f6 gxf6 35. Kg3 Rg8 36. Rfh1 Rg7 37. Qh2 Rxg4+ 38. Kxg4 f5+ 39. Rxf5 f6 40. Kf3
1-0

[Event "II Liga SSCS 2015 - Istok"]
[Site "VRNJAÈKA BANJA - Hotel "]
[Date "2015.08.28"]
[Round "1.4"]
[White "PETROVIC, Tamara  **"]
[Black "BLAGOJEVIC, Nikola  **"]
[Result "1-0"]
[WhiteElo "1793"]
[BlackElo "1707"]
[PlyCount "85"]
[EventDate "2015.08.28"]

1. Nf3 Nf6 2. c4 g6 3. Nc3 Bg7 4. e4 d6 5. d4 O-O 6. Be2 Nbd7 7. O-O e5 8. Be3
Ng4 9. Bg5 f6 10. Bd2 Re8 11. Qc1 exd4 12. Nxd4 Nc5 13. Bxg4 Bxg4 14. f3 Bd7
15. Be3 Ne6 16. Rd1 a6 17. Nb3 b6 18. Qd2 Bc6 19. Rac1 Qe7 20. Nd5 Bxd5 21.
cxd5 Nc5 22. Nd4 f5 23. Nc6 Qf7 24. b4 Nb7 25. Qc2 Rac8 26. Na7 Ra8 27. Qxc7
Rxa7 28. Qxb6 Raa8 29. exf5 gxf5 30. Rc7 Re7 31. Qxb7 Rae8 32. Rxe7 Rxe7 33.
Qb6 f4 34. Bf2 Rb7 35. Qxd6 Bf8 36. Qxa6 Rxb4 37. Qe6 Rb2 38. Qg4+ Bg7 39. d6
Rb8 40. d7 Rd8 41. Bb6 Qc4 42. Bxd8 Qe2 43. Rf1 1-0

[Event "II Liga SSCS 2015 - Istok"]
[Site "VRNJAÈKA BANJA - Hotel "]
[Date "2015.08.28"]
[Round "1.5"]
[White "TODOROVIC, Nenad I  **"]
[Black "TODOROVIC, Jovan"]
[Result "1-0"]
[WhiteElo "2273"]
[BlackElo "2394"]
[PlyCount "63"]
[EventDate "2015.08.28"]

1. e4 c5 2. Nf3 d6 3. d4 cxd4 4. Nxd4 Nf6 5. Nc3 Nc6 6. Bg5 e6 7. Qd2 Be7 8.
O-O-O Qb6 9. Nb3 O-O 10. f3 Rd8 11. Nb5 Rd7 12. Qe1 a6 13. N5d4 Qc7 14. g4 b5
15. h4 Ne5 16. Kb1 Bb7 17. Bc1 Rc8 18. Be2 Rdd8 19. g5 Nfd7 20. h5 Nc4 21. g6
Bf6 22. gxf7+ Kxf7 23. f4 Nf8 24. Bg4 a5 $11 25. h6 g6 26. f5 a4 27. fxg6+ hxg6
28. Rf1 axb3 29. Rxf6+ Kxf6 30. Qf2+ Ke7 31. Rf1 Ne5 32. Qf6+ 1-0

[Event "II Liga SSCS 2015 - Istok"]
[Site "VRNJAÈKA BANJA - Hotel "]
[Date "2015.08.28"]
[Round "1.5"]
[White "NADJ HEDJESI, Balind"]
[Black "BURA, Goran"]
[Result "1-0"]
[WhiteElo "2399"]
[BlackElo "2270"]
[PlyCount "59"]
[EventDate "2015.08.28"]

1. e4 c5 2. Ne2 Nc6 3. g3 g6 4. Bg2 Bg7 5. c3 e5 6. a3 a5 7. O-O Nge7 8. d3 O-O
9. Be3 d6 10. d4 exd4 11. cxd4 Qb6 12. d5 Ne5 13. Qc2 Ng4 14. Bc1 f5 15. Nd2
fxe4 16. Nc4 Qd8 17. Bf4 Ra6 18. Rad1 b5 19. Nxd6 Rxd6 20. Qxc5 Ne5 21. Bxe4
$11 Nf5 22. Nc3 Nd7 23. Qxb5 Ba6 24. Qa4 Bxf1 25. Bxf5 Nc5 26. Qc2 Rxf5 27.
Bxd6 Qxd6 28. Kxf1 Bxc3 29. bxc3 Rxd5 30. Qa2 1-0

[Event "II Liga SSCS 2015 - Istok"]
[Site "VRNJAÈKA BANJA - Hotel "]
[Date "2015.08.28"]
[Round "1.5"]
[White "NJEGIC, Vladimir"]
[Black "RADUSINOVIC, Lazar  *"]
[Result "0-1"]
[WhiteElo "2147"]
[BlackElo "2339"]
[PlyCount "90"]
[EventDate "2015.08.28"]

1. d4 d5 2. c4 c6 3. cxd5 cxd5 4. Nc3 Nf6 5. Bf4 Nc6 6. e3 a6 7. Bd3 Bg4 8. f3
Bd7 9. Nge2 e6 10. Bg3 Nh5 11. Bf2 Bd6 12. O-O O-O 13. e4 dxe4 14. fxe4 e5 15.
Qe1 exd4 16. Nxd4 Nf4 17. Nxc6 Qg5 18. g3 Nxd3 19. Qd1 Nxf2 20. Qxd6 Nh3+ 21.
Kg2 Bxc6 22. Kxh3 Qh5+ 23. Kg2 Rad8 24. Qf4 f5 25. Nd5 Qe8 26. Rad1 Qe6 27. Qh4
Bxd5 28. exd5 Rxd5 29. Rxd5 Qxd5+ 30. Kg1 Qxa2 31. Qd4 Qe6 32. g4 fxg4 33.
Rxf8+ Kxf8 34. Qf4+ Ke7 35. Qc7+ Kf6 36. Qxb7 Qe1+ 37. Kg2 Qe2+ 38. Kg1 Qe3+
39. Kg2 Qf3+ 40. Qxf3+ gxf3+ 41. Kxf3 Kf5 42. Ke3 Ke5 43. Kd3 g5 44. Ke3 h5 45.
Kf3 Kd4 0-1

[Event "II Liga SSCS 2015 - Istok"]
[Site "VRNJAÈKA BANJA - Hotel "]
[Date "2015.08.28"]
[Round "1.5"]
[White "RAVIC, Nenad"]
[Black "MICKOVIC, Slavisa"]
[Result "1/2-1/2"]
[WhiteElo "2316"]
[BlackElo "2092"]
[PlyCount "94"]
[EventDate "2015.08.28"]

1. e4 e6 2. d4 d5 3. Nc3 Bb4 4. Qg4 Nf6 5. Qxg7 Rg8 6. Qh6 dxe4 7. Nge2 c5 8.
Bg5 Rg6 9. Qh4 h6 10. Bxf6 Qxf6 11. Qxf6 Rxf6 12. O-O-O Bxc3 13. Nxc3 cxd4 14.
Nxe4 Rf4 15. Rxd4 Ke7 16. g3 Nc6 17. Ra4 Rf5 18. Bh3 Rd5 19. Nc3 Rd4 20. Rxd4
Nxd4 21. Bg2 Rb8 22. Rd1 Nf5 23. Nb5 Bd7 24. Nd4 Nd6 25. f4 Rc8 26. b3 Rc5 27.
Kb2 f6 28. Re1 e5 29. fxe5 fxe5 30. c4 Kf6 31. Nc2 b5 32. Rd1 Ke7 33. Rd5 Rxd5
34. Bxd5 bxc4 35. bxc4 Ne8 36. Kc3 Nf6 37. Bg2 Be6 38. Ne3 Kd6 39. Kb4 e4 40.
h3 Ke5 41. Kc3 Nd7 42. g4 Nc5 43. h4 a5 44. g5 hxg5 45. hxg5 Bf7 46. Ng4+ Kf4
47. Nh6 Bg6 1/2-1/2

[Event "II Liga SSCS 2015 - Istok"]
[Site "VRNJAÈKA BANJA - Hotel "]
[Date "2015.08.28"]
[Round "1.5"]
[White "KOSTIC, Tomislav  **"]
[Black "ELEZ, Nikola  *"]
[Result "0-1"]
[WhiteElo "1983"]
[BlackElo "2222"]
[PlyCount "62"]
[EventDate "2015.08.28"]

1. e4 c5 2. Nf3 d6 3. d4 cxd4 4. Nxd4 Nf6 5. Nc3 g6 6. Be3 Bg7 7. f3 O-O 8. Qd2
Nc6 9. O-O-O d5 10. Qe1 e5 11. Nxc6 bxc6 12. exd5 Nxd5 13. Bc4 Be6 14. Ne4 Qc7
15. Bc5 Rfd8 16. h4 h6 17. g4 f5 18. gxf5 gxf5 19. Ng3 Rab8 20. b3 Qf7 21. Qa5
Rd7 22. Rhg1 Kh7 23. Qa6 Bf6 24. Qxc6 Rc7 25. Qxe6 Qxe6 26. Rxd5 Rxc5 27. Rxc5
Qb6 28. b4 Qxb4 29. Rc7+ Kh8 30. Ne2 Qa3+ 31. Kd1 Qd6+ 0-1

[Event "II Liga SSCS 2015 - Istok"]
[Site "VRNJAÈKA BANJA - Hotel "]
[Date "2015.08.28"]
[Round "1.5"]
[White "LUKIC, Dragan M"]
[Black "KOSTIC, Marko **"]
[Result "1-0"]
[WhiteElo "2287"]
[BlackElo "1938"]
[PlyCount "85"]
[EventDate "2015.08.28"]

1. e4 e5 2. Nf3 Nc6 3. Bb5 a6 4. Ba4 Nf6 5. O-O Be7 6. Re1 b5 7. Bb3 d6 8. c3
Bg4 9. d3 Na5 10. Bc2 c5 11. Nbd2 Nc6 12. Nf1 O-O 13. Ng3 Qd7 14. h3 Be6 15. d4
exd4 16. cxd4 d5 17. e5 Ne8 18. dxc5 Bxc5 19. Bxh7+ Kh8 20. Bb1 f5 21. Nh4 Qf7
22. Qe2 Qa7 23. Ng6+ Kg8 24. Nxf8 Nd4 25. Qd1 Kxf8 26. Be3 g6 27. Bd3 Ng7 28.
Rc1 Bf7 29. Ne2 Nge6 30. Nxd4 Nxd4 31. Rxc5 Qxc5 32. Bb1 Kg8 33. Qxd4 Qe7 34.
Rc1 Re8 35. f4 Be6 36. a3 Rd8 37. Qb6 Rd7 38. Bc5 Qf7 39. Bb4 d4 40. Rc6 Bc4
41. Rxg6+ Kh7 42. Rh6+ Kg7 43. e6 1-0

[Event "II Liga SSCS 2015 - Istok"]
[Site "VRNJAÈKA BANJA - Hotel "]
[Date "2015.08.28"]
[Round "1.5"]
[White "DUBRAVCIC, Nikola  **"]
[Black "Kuzmanovic, Aleksa"]
[Result "0-1"]
[WhiteElo "1862"]
[BlackElo "2059"]
[PlyCount "70"]
[EventDate "2015.08.28"]

1. e4 c5 2. Nf3 d6 3. Bb5+ Nd7 4. c3 a6 5. Ba4 Ngf6 6. Bc2 Ne5 7. Nxe5 dxe5 8.
O-O b5 9. d3 Qc7 10. f4 exf4 11. Bxf4 e5 12. Bg5 Be7 13. Nd2 Be6 14. Bb3 Bxb3
15. axb3 O-O 16. Bxf6 Bxf6 17. Qg4 Qe7 18. Rf3 Bg5 19. Nf1 Bf4 20. Rh3 Rfd8 21.
Ng3 Bxg3 22. Rxg3 g6 23. Qe2 Qe6 24. Qc2 Rd7 25. Rf1 Rad8 26. Rgf3 c4 27. bxc4
bxc4 28. d4 exd4 29. cxd4 Rxd4 30. Rf6 Rd2 31. Qxd2 Rxd2 32. Rxe6 fxe6 33. Ra1
Rxb2 34. Rxa6 c3 35. Rc6 c2 0-1

[Event "II Liga SSCS 2015 - Istok"]
[Site "VRNJAÈKA BANJA - Hotel "]
[Date "2015.08.28"]
[Round "1.6"]
[White "BLAGOJEVIC, Vladan"]
[Black "MARJANOVIC, Dejan  **"]
[Result "0-1"]
[WhiteElo "2136"]
[BlackElo "2316"]
[PlyCount "106"]
[EventDate "2015.08.28"]

1. Nf3 d5 2. d4 Nf6 3. c4 dxc4 4. Qa4+ Nc6 5. Nc3 Nd7 6. Qxc4 Nb6 7. Qd3 $11 e6
8. e4 Nb4 9. Qd1 c5 10. a3 cxd4 11. Nb5 Na6 12. Nbxd4 Nc5 13. Qc2 Bd7 14. Be3
Rc8 15. b3 f6 16. Be2 e5 17. Nb5 a6 18. Nc3 Be6 19. Nd2 Qc7 20. Rc1 Qf7 21. Qb2
Bd6 22. O-O O-O 23. Rfd1 Rfd8 24. Rb1 Bf8 25. Rdc1 Rc6 26. a4 Nd3 27. Bxd3 Rxd3
28. a5 Bb4 29. Nc4 Nxc4 30. bxc4 Rxc4 31. Nd5 Rxc1+ 32. Qxc1 Bxd5 33. Rxb4 Bc6
34. h3 h5 35. Qc5 h4 36. Qc2 Ra3 37. Bb6 Qg6 38. Kh2 Kh7 39. Qe2 f5 40. f3 Qg3+
41. Kh1 Ra1+ 42. Bg1 Re1 43. Qd2 fxe4 44. fxe4 Bxe4 45. Rxe4 Rxe4 46. Qc2 Qg6
47. Qf2 Rc4 48. Qe2 Rc2 49. Qf1 Ra2 50. Bb6 Rb2 51. Kh2 e4 52. Bd8 Qg3+ 53. Kh1
Rf2 0-1

[Event "II Liga SSCS 2015 - Istok"]
[Site "VRNJAÈKA BANJA - Hotel "]
[Date "2015.08.28"]
[Round "1.6"]
[White "DMITROVIC, Tomislav"]
[Black "RADOVIC, Luka  **"]
[Result "1-0"]
[WhiteElo "2254"]
[BlackElo "2286"]
[PlyCount "81"]
[EventDate "2015.08.28"]

1. f4 Nf6 2. Nf3 g6 3. b4 Bg7 4. Bb2 Na6 5. a3 c5 6. b5 Nc7 7. a4 d5 8. e3 d4
9. Na3 Nh5 10. Nc4 Nd5 11. Ra3 Bf5 12. exd4 Nb4 13. Ne3 Be4 14. Ng5 cxd4 15.
Nxe4 dxe3 16. Bxg7 Nxg7 17. dxe3 Nf5 18. Qd2 Qa5 19. Kf2 Rc8 20. c4 O-O 21. Rb3
Qxa4 22. Qxb4 Qa1 23. Rb1 Qa2+ 24. Qb2 Qa5 25. Be2 Qb6 26. c5 Qe6 27. Qe5 Qa2
28. Nc3 Qa3 29. Ra1 Qxc5 30. Qxc5 Rxc5 31. Ne4 Rc2 32. Rhc1 Rb2 33. Rxa7 Rb3
34. Rc3 Rb4 35. Bd3 Rd8 36. g4 Nh6 37. h3 f5 38. Ng5 fxg4 39. hxg4 Nxg4+ 40.
Kf3 Nh6 41. Rxb7 1-0

[Event "II Liga SSCS 2015 - Istok"]
[Site "VRNJAÈKA BANJA - Hotel "]
[Date "2015.08.28"]
[Round "1.6"]
[White "RADOVIC, Janko  **"]
[Black "TOSIC, Nebojsa"]
[Result "1-0"]
[WhiteElo "2270"]
[BlackElo "2137"]
[PlyCount "91"]
[EventDate "2015.08.28"]

1. e4 c5 2. d4 cxd4 3. c3 d5 4. exd5 Qxd5 5. cxd4 Nc6 6. Nf3 e5 7. Nc3 Bb4 8.
Bd2 Bxc3 9. Bxc3 e4 10. Ne5 Nh6 11. Bc4 Qd6 12. Qe2 Bf5 13. g4 Nxd4 14. Bxd4
Qxd4 15. Nf3 Qc5 16. gxf5 O-O 17. Nd2 Nxf5 18. O-O e3 19. Nb3 Qb6 20. Bd3 exf2+
21. Rxf2 Rae8 22. Qf3 Nh4 23. Qh5 Ng6 24. Bxg6 hxg6 25. Qc5 Qe6 26. Qxa7 Rd8
27. Qxb7 Rd5 28. Raf1 Qe4 29. Rg2 f6 30. Qc6 g5 31. Qc2 Qe3+ 32. Qf2 Qe5 33.
Re1 Qc7 34. Nd4 Ra8 35. a3 Ra4 36. Nf5 Rc5 37. Qe3 Ra8 38. Qe6+ Qf7 39. Qxf7+
Kxf7 40. Nd6+ Kg6 41. Ne4 Re5 42. Kf1 Ra4 43. Nc3 Rf5+ 44. Rf2 Rh4 45. Rxf5
Kxf5 46. Kg2 1-0

[Event "II Liga SSCS 2015 - Istok"]
[Site "VRNJAÈKA BANJA - Hotel "]
[Date "2015.08.28"]
[Round "1.6"]
[White "TRIFUNOVIC, Miroljub"]
[Black "DJURETANOVIC, Ivan"]
[Result "1-0"]
[WhiteElo "2209"]
[BlackElo "2010"]
[PlyCount "43"]
[EventDate "2015.08.28"]

1. e4 e5 2. Bc4 Nf6 3. d3 h6 4. f4 d6 5. Nf3 Bg4 6. O-O Nc6 7. c3 exf4 8. Bxf4
Ne5 9. Bxe5 dxe5 10. Qb3 Bc5+ 11. d4 exd4 12. Qb5+ Nd7 13. cxd4 Bxf3 14. dxc5
O-O 15. gxf3 Ne5 16. Be2 f5 17. Nc3 fxe4 18. Nxe4 Qd4+ 19. Kh1 Rae8 20. Rad1
Qe3 21. Qb3+ Qxb3 22. axb3 1-0

[Event "II Liga SSCS 2015 - Istok"]
[Site "VRNJAÈKA BANJA - Hotel "]
[Date "2015.08.28"]
[Round "1.6"]
[White "MAKSIMOVIC, Boban"]
[Black "DRAGOJEVIC, Dragan"]
[Result "1-0"]
[WhiteElo "2216"]
[BlackElo "1949"]
[PlyCount "56"]
[EventDate "2015.08.28"]

1. c4 e5 2. Nc3 f5 3. g3 d6 4. Bg2 c6 5. d4 Qc7 6. e4 f4 7. gxf4 exf4 8. b3 Qf7
9. Qf3 g5 10. h4 Bg7 11. hxg5 Bxd4 12. Nge2 Be5 13. Bxf4 Qg7 14. Bxe5 dxe5 15.
Qh5+ Kd8 16. O-O-O+ Kc7 17. Bh3 Nd7 18. Ng3 Qe7 19. Nf5 Qa3+ 20. Kc2 Nc5 21.
Nd6 Kb6 22. Bxc8 Ne7 23. Bf5 a5 24. Qf7 a4 25. b4 Qxb4 26. Qxe7 Ra7 27. Rb1 Nb3
28. Nc8+ Ka5 1-0

[Event "II Liga SSCS 2015 - Istok"]
[Site "VRNJAÈKA BANJA - Hotel "]
[Date "2015.08.28"]
[Round "1.6"]
[White "MITIC, Zoran"]
[Black "MILOSEVIC, Jovana  **"]
[Result "0-1"]
[WhiteElo "1943"]
[BlackElo "2119"]
[PlyCount "118"]
[EventDate "2015.08.28"]

1. e4 d6 2. d4 Nf6 3. Bd3 e5 4. c3 Nbd7 5. Ne2 g6 6. O-O Bg7 7. f4 O-O 8. Nd2
c6 9. Nf3 Qe7 10. Ng3 b6 11. Qe2 c5 12. fxe5 dxe5 13. d5 Ne8 14. a4 a5 15. Be3
Nd6 16. h4 h6 17. h5 Kh7 18. hxg6+ fxg6 19. Rf2 Nf6 20. Nh2 Bd7 21. b3 Ng8 22.
Rxf8 Qxf8 23. Rf1 Qe7 24. Nf3 Rf8 25. c4 Bg4 26. Bd2 Bf6 27. Nh1 Kg7 28. Nf2
Bxf3 29. gxf3 Bg5 30. Nh3 Bxd2 31. Qxd2 g5 32. Qg2 Kh8 33. Be2 Nf6 34. Nf2 Nh5
35. Qh3 Nf4 36. Qxh6+ Kg8 37. Bd1 Rf6 38. Qh2 Rf7 39. Re1 Rh7 40. Qg3 Qg7 41.
Be2 Rh4 42. Bf1 Qh6 43. Bg2 Nf7 44. Ng4 Qg7 45. Re3 Nh6 46. Kf2 Nxg4+ 47. fxg4
Qd7 48. Bf3 Rh3 49. Qg1 Qh7 50. Bg2 Rh2 51. Rg3 Qh4 52. Kf3 Ne2 53. Kxe2 Qxg3
54. Kf1 Qd3+ 55. Kf2 Rh7 56. Qc1 Rf7+ 57. Kg1 Rf4 58. Qb2 Qd4+ 59. Qxd4 cxd4
0-1